|
|
|
|
| LEADER |
00845nab a2200193 i 4500 |
| 001 |
acta29141 |
| 005 |
20210420152040.0 |
| 008 |
161017s2012 hu o 0|| fre d |
| 022 |
|
|
|a 0567-8099
|
| 040 |
|
|
|a SZTE Egyetemi Kiadványok Repozitórium
|b hun
|
| 041 |
|
|
|a fre
|
| 100 |
1 |
|
|a Orbázi Melinda
|
| 245 |
1 |
0 |
|a Révolte contre l'esprit courtois ou tentative de réforme générique?
|h [elektronikus dokumentum] :
|b Analyse de quelques motifs qui relient les romans arthuriens de Chrétien de Troyes /
|c Orbázi Melinda
|
| 260 |
|
|
|c 2012
|
| 300 |
|
|
|a 19-30
|
| 490 |
0 |
|
|a Acta Universitatis Szegediensis de Attila József Nominatae : acta romanica
|v 28
|
| 695 |
|
|
|a Ófrancia irodalom - Arthur-legendakör, Chrétien de Troyes
|
| 700 |
0 |
3 |
|a Chrétien de Troyes
|
| 856 |
4 |
0 |
|u http://acta.bibl.u-szeged.hu/29141/1/romanica_028_019-030.pdf
|z Dokumentum-elérés
|